| 000 | 00653pam a2200229 a 4500 | ||
|---|---|---|---|
| 001 | 1541175 | ||
| 003 | OSt | ||
| 005 | 20251008162239.0 | ||
| 008 | 910425s1992 njua 001 0 eng | ||
| 020 | _a0132532468 | ||
| 020 | _a0132532468 | ||
| 040 | _cMUST | ||
| 082 | 0 | 0 |
_a658.4 SPI 1992 _22nd |
| 100 | 1 |
_aSpinner, M. _919441 |
|
| 245 | 1 | 0 |
_aElements of project management : _bplan, schedule, and control / _cM. Pete Spinner. |
| 250 | _a2nd ed. | ||
| 260 |
_aEnglewood Cliffs, N.J. : _bPrentice Hall, _cc1992. |
||
| 300 |
_axii, 211 p. : _bill. ; _c24 cm. |
||
| 500 | _aIncludes index. | ||
| 650 | 0 |
_aProject management. _95305 |
|
| 942 |
_2ddc _cO_SHELF |
||
| 999 |
_c9551 _d9551 |
||